ბათუმის შოთა რუსთაველის სახელმწიფო უნივერსიტეტის ბიბლიოთეკა

ადამიანი და გზა (ბიბ.ჩანაწერი № 50113)

000 -LEADER
fixed length control field 00661nam a2200217Ia 4500
001 - CONTROL NUMBER
control field 17051
003 - CONTROL NUMBER IDENTIFIER
control field GE_BSU
008 - FIXED-LENGTH DATA ELEMENTS--GENERAL INFORMATION
fixed length control field 181216s||||||||xx |||||||||||||| ||und||
040 ## - CATALOGING SOURCE
Transcribing agency GE_BSU
080 ## - UNIVERSAL DECIMAL CLASSIFICATION NUMBER
Universal Decimal Classification number 821.161.1-32
100 ## - MAIN ENTRY--PERSONAL NAME
Personal name ნაგიბინი, იური
245 ## - TITLE STATEMENT
Title ადამიანი და გზა
245 ## - TITLE STATEMENT
Remainder of title მოთხრობები
260 ## - PUBLICATION, DISTRIBUTION, ETC.
Place of publication, distribution, etc. თბილისი
260 ## - PUBLICATION, DISTRIBUTION, ETC.
Name of publisher, distributor, etc. ლიტერატურა და ხელოვნება
260 ## - PUBLICATION, DISTRIBUTION, ETC.
Date of publication, distribution, etc. 1967
300 ## - PHYSICAL DESCRIPTION
Extent 384გვ. ; 20სმ.
653 ## - INDEX TERM--UNCONTROLLED
Uncontrolled term ადამიანი და გზა
653 ## - INDEX TERM--UNCONTROLLED
Uncontrolled term მოთხრობები
942 ## - ADDED ENTRY ELEMENTS (KOHA)
Koha item type წიგნი
ეგზემპლარები
Withdrawn status Lost status Damaged status Not for loan Date acquired Barcode Date last seen Price effective from Koha item type
        2018-12-17 21429 2018-12-17 2018-12-17 წიგნი
        2018-12-17 21428 2018-12-17 2018-12-17 წიგნი
        2018-12-17 21427 2018-12-17 2018-12-17 წიგნი